Úvěry a rizika. Pohledy bank.

Charakteristika úverovej politiky a miery rizika prijateľnej pri povolaní úverov troch manažérov čs. bánk a to Komerčnej banky, Agrobanky a banky Bohemia. Klientela týchto bánk, postavenie bánk na bankovom trhu, úrokové sadzby, štruktúra poskytovaných úverov, odhadovanie bonity klientov.

Guardado en:
Detalles Bibliográficos
Autor principal: Vandurková, N.
Formato: Capítulo de libro
Lenguaje:checo
Materias:
Etiquetas: Agregar Etiqueta
Sin Etiquetas, Sea el primero en etiquetar este registro!

MARC

LEADER 00000naa a2200000 4500
001 r008435
005 20220831084209.2
041 0 |a cze 
044 |a [CS] 
245 1 0 |a Úvěry a rizika.  |b Pohledy bank.  |c N. Vandurková 
520 |a Charakteristika úverovej politiky a miery rizika prijateľnej pri povolaní úverov troch manažérov čs. bánk a to Komerčnej banky, Agrobanky a banky Bohemia. Klientela týchto bánk, postavenie bánk na bankovom trhu, úrokové sadzby, štruktúra poskytovaných úverov, odhadovanie bonity klientov. 
610 2 0 |a politika úverová 
610 2 0 |a úver 
610 2 0 |a banky 
610 2 0 |a ČSFR 
610 2 0 |a sadzby úrokové 
100 1 |a Vandurková, N.